000 nam a22 a 4500
999 _c2393
_d2393
003 AKMAL
005 20170516115138.0
008 170516s1992 myw a00 may d
020 _a9836227342 (kkt.):
_cRM 12.00
040 _aAKMAL
_cAKMAL
049 _amal
082 0 4 _a547.28 NG
090 _a547.28
_bNG
100 1 _aNg, Swee Ching
_94988
245 1 0 _aSains polimer :
_bpempolimeran /
_cNg Swee Ching
260 _aKuala Lumpur :
_bDewan Bahasa dan Pustaka,
_c1992
300 _aix, 167ms. ;
_c24cm
500 _aMengandungi indeks
504 _aBibliografi: ms. 163
650 _aPolymerization
_94989
942 _2ddc
_cBOOK